000 00924nam0a22002651 4500
001 rc\16771
005 20250620115152.0
010 _a5-283-01175-5
_93900
035 _a(NLR Aleph) 005304714
090 _a6324942
_c6324942
100 _a20021204d1993 |||y0rusy50 ca
101 0 _arus
102 _aRU
105 _aa |||||||||
200 1 _aОрганизация, планирование и управление промышленной энергетикой
_e[Учеб. для вузов]
210 _aМ.
_cЭнергоатомиздат
_d1993
215 _a239, [1] с.
_cил.
_d21
320 _aБиблиогр.: с. 236-238 (59 назв.)
700 1 _aБагиев
_bГ.Л.
_gГеоргий Леонидович
701 1 _aЗлатопольский
_bА.Н.
_gАрон Натанович
801 0 _aRU
_bNLR
_gpsbo
801 1 _aRU
_bELAR
_2rusmarc
852 _aNLR
_j93-3/163
942 _cBOOK
980 _aNB